| 000 | 00830nam a2200265 4500 | ||
|---|---|---|---|
| 001 | 24393 | ||
| 003 | BD-RjUL | ||
| 005 | 20211209001039.0 | ||
| 008 | 140313s1971 nyuab b 000 0 eng | ||
| 035 | _a(BD-RjUL)24459 | ||
| 040 |
_aDLC _cDLC _dDLC _dBD-RjUL _beng |
||
| 041 | _aeng | ||
| 082 | 0 | 0 |
_a913.803 _bSTA 1971 |
| 100 | 1 |
_aStarr, Chester G., _d1914- _975104 |
|
| 245 | 1 | 4 |
_aThe ancient Greeks / _cby Chester G. Starr. |
| 260 |
_aNew York : _bOxford University Press, _c1971. |
||
| 300 |
_a227 p. : _billus. (part col.), maps. _c24 cm. |
||
| 504 | _aIncludes bibliographical references. | ||
| 651 | 0 |
_aGreece _xCivilization _yTo 146 B.C. _966690 |
|
| 651 | 0 |
_aGreece _xHistory _y146 B.C.-323 A.D. _975105 |
|
| 651 | 0 |
_aGreece _xHistory _yTo 146 B.C. _975106 |
|
| 942 |
_2ddc _cBK |
||
| 999 |
_c24393 _d24393 |
||